| 000 | 01084nam a22002777i 4500 | ||
|---|---|---|---|
| 999 |
_c23598 _d23598 |
||
| 003 | AR-CdUCM | ||
| 008 | 260407b20222022 pe||||| |||| 00| 0 spa d | ||
| 020 | _a978-950-23-3257-4 | ||
| 040 |
_aMUNICIPALIDAD PROVINCIAL DEL CUSCO _cBIBLIOTECA MUNICIPAL DEL CUSCO |
||
| 041 | _hspa | ||
| 082 |
_a372.4147 _bN55 |
||
| 100 |
_aNielsen, Clara _952523 |
||
| 245 |
_aManual de lectura fácil : _bCómo escribir textos accesibles para personas con dificultades lectoras / |
||
| 260 |
_aBuenos Aires-Argentina: _bEditorial Universitaria de Buenos Aires _c2022 |
||
| 300 |
_a363 páginas. : _c22x17 cm. |
||
| 500 | _z362-363 páginas | ||
| 505 | _a¿Por qué necesitamos textos fáciles de leer? -- El manual de visibiliza -- La lectura fácil -- El texto literario -- La gramática -- La ortografía -- Las oraciones | ||
| 650 |
_aLos signos _952541 |
||
| 650 |
_aLos incisos _952542 |
||
| 650 |
_aLas glosas _952543 |
||
| 650 |
_aLos listados _952544 |
||
| 650 |
_aLas figuras retoricas _952545 |
||
| 856 | _fwww.eudeba.com.ar | ||
| 942 |
_2ddc _cLIBROS |
||
| 945 |
_apbjr _d07-04-2026 |
||